Room for improvement (Record no. 3404)

MARC details
000 -LEADER
fixed length control field 01092cab a2200217 4500
001 - CONTROL NUMBER
control field ABS37629
008 - FIXED-LENGTH DATA ELEMENTS--GENERAL INFORMATION
fixed length control field 090401t1987 xxu||||| |||| 00| 0 eng d
035 ## - SYSTEM CONTROL NUMBER
System control number (Sirsi) u5709
041 ## - LANGUAGE CODE
Language code of text/sound track or separate title eng
100 ## - MAIN ENTRY--PERSONAL NAME
Personal name Avis, M.
245 ## - TITLE STATEMENT
Title Room for improvement
260 ## - PUBLICATION, DISTRIBUTION, ETC.
Date of publication, distribution, etc. 1987
350 ## - PRICE (NR) (BK AM CF MU VM SE) [OBSOLETE]
Price 0
490 ## - SERIES STATEMENT
Series statement Estates Gazette
Volume/sequential designation 282 (6331) 25 April 1987, 416 (1)
520 ## - SUMMARY, ETC.
Summary, etc. A survey of senior partners in general practice carried out by the Department of Land Management and Development, University of Reading found that several partners were aware that they were too busy doing the work to manage the firm. It highlights a range of main problem areas and conflicts arising between the separation of professional and business thinking. The study reveals that chartered surveyors will have to change rapidly with management being taken more seriously for the sake of their own partnerships and the advancement of the profession.
650 ## - SUBJECT ADDED ENTRY--TOPICAL TERM
Topical term or geographic name entry element PRACTICE MANAGEMENT
690 ## - LOCAL SUBJECT ADDED ENTRY--TOPICAL TERM (OCLC, RLIN)
Topical term or geographic name as entry element MANAGEMENT-BUSINESS MANAGEMENT-PROFESSIONAL PRACTICE
700 ## - ADDED ENTRY--PERSONAL NAME
Personal name Gibson, V.
942 ## - ADDED ENTRY ELEMENTS (KOHA)
Suppress in OPAC 0
948 ## - LOCAL PROCESSING INFORMATION (OCLC); SERIES PART DESIGNATOR (RLIN)
c (OCLC) 04/03/1997
Holdings
Withdrawn status Lost status Source of classification or shelving scheme Damaged status Not for loan Home library Current library Shelving location Date acquired Total Checkouts Full call number Barcode Date last seen Copy number Price effective from Koha item type
    Dewey Decimal Classification     London London Journal article 14/09/1999   ABS37629 5709-1001 06/08/2019 1 06/08/2019 Journal article